00401nam a2200157Ia 45000010006000000050017000060080041000230410008000640820018000721000042000902450058001322600009001903000028001996500008002276540008002351305920260306163026.0260306t2009||||xx |||||||||||||| ||spa|| aESP aRD 658.5bM96 aMuñoz Zuluaga, Rubén DaríoeAUT 0aDiccionario de logística y negocios internacionales c2009 a373 páginas :c24 cm. aGEN aCAN